[Event "DVM U14 2017"]
[Site "Verden/Aller GER"]
[Date "2017.12.29"]
[Round "5"]
[White "Elstner, Florian"]
[Black "Klaas, Heiko"]
[Result "1/2-1/2"]
[Termination "normal"]
[Board "3.3"]
[WhiteElo "1242"]
[BlackElo "1618"]
[WhiteTeam "SK König Plauen"]
[BlackTeam "Hamburger SK"]
[PlyCount "103"]
[WhiteFideId "16247264"]
[BlackFideId "16215940"]
[EventCountry "GER"]
[EventRounds "7"]
[EventType "team-swiss"]
[EventDate "2017.12.26"]

1. d4 Nf6 2. c4 g6 3. Nc3 Bg7 4. e4 d6 5. Nf3 O-O 6. Be2 Nbd7 7. O-O e5 8. d5
Nc5 9. Qc2 a5 10. Bg5 c6 11. b3 Qc7 12. Rfe1 Nh5 13. Bf1 f5 14. exf5 Bxf5 15.
Qd2 Nf4 16. Bxf4 exf4 17. Rac1 Rae8 18. Rxe8 Rxe8 19. Re1 Rxe1 20. Qxe1 Qd7 21.
Nh4 Bd3 22. Bxd3 Nxd3 23. dxc6 bxc6 24. Qd2 Qe7 25. Qxd3 Qe1+ 26. Qf1 Qxf1+ 27.
Kxf1 Bxc3 28. Ke2 Kf7 29. Kd3 Bb4 30. Ke4 Kf6 31. Nf3 Bc5 32. Kxf4 Bxf2 33. Ng5
Be3+ 34. Kxe3 Kxg5 35. Ke4 Kg4 36. a3 h5 37. b4 a4 38. b5 d5+ 39. cxd5 cxb5 40.
d6 b4 41. axb4 a3 42. d7 a2 43. d8=Q a1=Q 44. Qd7+ Kg5 45. Qe7+ Kh6 46. Qf8+
Kh7 47. Qe7+ Kh6 48. Qf8+ Kh7 49. Qf7+ Kh6 50. Qf8+ Kh7 51. Qf7+ Kh6 52. Qf8+
1/2-1/2

[Event "DVM U14 2017"]
[Site "Verden/Aller GER"]
[Date "2017.12.29"]
[Round "5"]
[White "Müller, Marvin"]
[Black "Melitzki, Richard"]
[Result "1-0"]
[Termination "normal"]
[Board "3.4"]
[WhiteElo "1577"]
[BlackElo "1230"]
[WhiteTeam "Hamburger SK"]
[BlackTeam "SK König Plauen"]
[PlyCount "71"]
[WhiteFideId "16214528"]
[BlackFideId "16223420"]
[EventCountry "GER"]
[EventRounds "7"]
[EventType "team-swiss"]
[EventDate "2017.12.26"]

1. e4 c5 2. Nf3 Nc6 3. d4 cxd4 4. Nxd4 Nf6 5. Nc3 d6 6. Be3 e6 7. f3 Be7 8. Qd2
a6 9. O-O-O Qc7 10. g4 b5 11. h4 Ne5 12. h5 Nc4 13. Bxc4 bxc4 14. g5 Nd7 15.
Na4 Rb8 16. Qc3 Nf8 17. Ne2 e5 18. Qd2 Ne6 19. Nec3 Bd7 20. Nd5 Qb7 21. Nab6
Bf8 22. Nxc4 Bc6 23. b3 Ba4 24. Ncb6 Bc6 25. h6 g6 26. c4 Rd8 27. Nf6+ Ke7 28.
Qb4 Qb8 29. Rh2 Nc7 30. Rhd2 Ne8 31. c5 Ke6 32. Qc4+ Ke7 33. cxd6+ Nxd6 34.
Qxc6 Ke6 35. Qd5+ Ke7 36. Qxe5# 1-0

[Event "DVM U14 2017"]
[Site "Verden/Aller GER"]
[Date "2017.12.29"]
[Round "5"]
[White "Krastev, Alexander"]
[Black "Jahrke, Jonas"]
[Result "1-0"]
[Termination "normal"]
[Board "4.1"]
[WhiteElo "2004"]
[BlackElo "1747"]
[WhiteTeam "Biebertaler SF"]
[BlackTeam "SF Katernberg"]
[PlyCount "87"]
[WhiteFideId "12989983"]
[BlackFideId "12984353"]
[EventCountry "GER"]
[EventRounds "7"]
[EventType "team-swiss"]
[EventDate "2017.12.26"]

1. e4 c5 2. Nc3 e6 3. Nf3 a6 4. g3 Nc6 5. d4 cxd4 6. Nxd4 Qc7 7. Bg2 Be7 8. O-O
Nf6 9. Re1 d6 10. Nxc6 bxc6 11. e5 dxe5 12. Rxe5 Nd5 13. Nxd5 exd5 14. Bf4 Qb6
15. Re2 Bb7 16. c3 O-O 17. Qb3 Bc5 18. Qxb6 Bxb6 19. c4 Rfd8 20. Rd1 Rac8 21.
b3 Bc7 22. Bxc7 Rxc7 23. Red2 Rcd7 24. cxd5 cxd5 25. Kf1 Kf8 26. Rd4 Ke7 27.
Ke2 Rc7 28. Rxd5 Rxd5 29. Rxd5 Rc2+ 30. Rd2 Rc5 31. Kd1 Ke6 32. Rd4 Rd5 33.
Bxd5+ Bxd5 34. Rxd5 Kxd5 35. Kd2 a5 36. Kd3 f5 37. h4 g6 38. f3 h6 39. g4 fxg4
40. fxg4 g5 41. h5 Kc5 42. Kc3 Kc6 43. Kc4 Kb6 44. Kd5 {Aufgabe Schwarz} 1-0

[Event "DVM U14 2017"]
[Site "Verden/Aller GER"]
[Date "2017.12.29"]
[Round "5"]
[White "Gallas, Noel"]
[Black "Engert, Kiyan"]
[Result "0-1"]
[Termination "normal"]
[Board "4.2"]
[WhiteElo "1696"]
[BlackElo "1560"]
[WhiteTeam "SF Katernberg"]
[BlackTeam "Biebertaler SF"]
[PlyCount "68"]
[WhiteFideId "16216059"]
[BlackFideId "16214870"]
[EventCountry "GER"]
[EventRounds "7"]
[EventType "team-swiss"]
[EventDate "2017.12.26"]

1. e4 e5 2. Nf3 Nc6 3. d4 exd4 4. Bc4 Nf6 5. e5 d5 6. Bb5 Ne4 7. Nxd4 Bd7 8.
Bxc6 bxc6 9. O-O Bc5 10. Be3 O-O 11. Nd2 Nxd2 12. Qxd2 Re8 13. Qc3 Bxd4 14.
Bxd4 Qg5 15. Rfe1 Re6 16. Re3 Rg6 17. Rg3 Qh5 18. Re1 Rh6 19. h3 g5 20. f3 Qh4
21. Bf2 Qf4 22. Qe3 Kh8 23. Rxg5 Qc4 24. Qe2 Qxa2 25. Bd4 Be6 26. f4 Rg6 27.
Qh5 Qc4 28. Be3 d4 29. Bc1 Qxc2 30. Rxg6 fxg6 31. Qg5 Bd5 32. e6 d3 33. e7 Re8
34. Qh6 Qxg2# 1-0

[Event "DVM U14 2017"]
[Site "Verden/Aller GER"]
[Date "2017.12.29"]
[Round "5"]
[White "Grunwald, Jonathan"]
[Black "Otterpohl, Isabel"]
[Result "0-1"]
[Termination "normal"]
[Board "4.3"]
[WhiteElo "1678"]
[BlackElo "1593"]
[WhiteTeam "Biebertaler SF"]
[BlackTeam "SF Katernberg"]
[PlyCount "77"]
[WhiteFideId "12955744"]
[BlackFideId "12999180"]
[EventCountry "GER"]
[EventRounds "7"]
[EventType "team-swiss"]
[EventDate "2017.12.26"]

1. e4 e6 2. Nc3 d5 3. Nf3 Nf6 4. e5 Nfd7 5. d4 c5 6. dxc5 Nc6 7. Bf4 Bxc5 8.
Bd3 f6 9. exf6 Nxf6 10. O-O O-O 11. Nxd5 Bd7 12. Qe2 Qe7 13. Rae1 Rae8 14. Nc3
Kh8 15. Nb1 Ne4 16. Bxe4 Rxf4 17. Bxh7 Kxh7 18. Nd4 Kh8 19. Qh5+ Kg8 20. Nc3
Ref8 21. Ndb5 Bxf2+ 22. Kh1 Ne5 23. Nd5 exd5 24. Nc3 Qf7 25. Qxf7+ R8xf7 26.
Rd1 Be6 27. b3 Bb6 28. Rfe1 Bg4 29. Rc1 Bc5 30. h3 Bh5 31. Ne2 Kf8 32. c4 Nc6
33. Nc3 Nb4 34. Re5 Nd3 35. Rxh5 Nxc1 36. b4 a6 37. a3 Rf1+ 38. Kh2 R7f4 39.
Re5 {Aufgabe Schwarz} 1-0

[Event "DVM U14 2017"]
[Site "Verden/Aller GER"]
[Date "2017.12.29"]
[Round "5"]
[White "Zamhöfer, Luca"]
[Black "Röhm, Adrian"]
[Result "0-1"]
[Termination "normal"]
[Board "4.4"]
[WhiteElo "1367"]
[BlackElo "1561"]
[WhiteTeam "SF Katernberg"]
[BlackTeam "Biebertaler SF"]
[PlyCount "90"]
[WhiteFideId "16216040"]
[BlackFideId "16213505"]
[EventCountry "GER"]
[EventRounds "7"]
[EventType "team-swiss"]
[EventDate "2017.12.26"]

1. e4 c6 2. c4 d5 3. cxd5 cxd5 4. exd5 Nf6 5. Nc3 Nxd5 6. Bc4 e6 7. Bxd5 exd5
8. Qe2+ Be6 9. d4 Nc6 10. Nf3 Be7 11. Bf4 O-O 12. O-O a6 13. h3 Re8 14. Rfd1
Bd6 15. Be5 f6 16. Bxd6 Qxd6 17. Re1 Qd7 18. Rad1 Bxh3 19. Qxe8+ Rxe8 20. Rxe8+
Qxe8 21. gxh3 Qd7 22. Kg2 Ne7 23. Re1 Ng6 24. Ne2 Kf7 25. Rc1 Ke7 26. Rc3 Kd6
27. Nd2 Ne7 28. Nf4 Qf5 29. Rf3 Ng6 30. Nxg6 Qxg6+ 31. Rg3 Qc2 32. Nb3 g6 33.
Rf3 f5 34. Nc5 Qxb2 35. Rb3 Qxd4 36. Nxb7+ Kc7 37. Na5 Qa4 38. Rc3+ Kd7 39. Nb3
Qxa2 40. Nc5+ Kd6 41. Nb7+ Ke5 42. Rc7 h5 43. Rc6 d4 44. Nc5 Qd5+ 45. Kg1 Qxc6
{Aufgabe WeiÃY} 0-1

[Event "DVM U14 2017"]
[Site "Verden/Aller GER"]
[Date "2017.12.29"]
[Round "5"]
[White "Triantafillidis, Simeon"]
[Black "Hüls, Maximilian"]
[Result "0-1"]
[Termination "normal"]
[Board "5.1"]
[WhiteElo "1808"]
[BlackElo "1944"]
[WhiteTeam "SF HN-Biberach"]
[BlackTeam "SV Mattnetz Berlin"]
[PlyCount "62"]
[WhiteFideId "12953113"]
[BlackFideId "12949698"]
[EventCountry "GER"]
[EventRounds "7"]
[EventType "team-swiss"]
[EventDate "2017.12.26"]

1. e4 e6 2. b3 d5 3. Bb2 dxe4 4. Nc3 Nf6 5. Qe2 Be7 6. O-O-O Nc6 7. Nxe4 a5 8.
a4 b6 9. g3 Bb7 10. Bg2 O-O 11. Nh3 Rb8 12. Nf4 Nxe4 13. Bxe4 Bf6 14. h4 Bxb2+
15. Kxb2 Qf6+ 16. Kb1 Nd4 17. Qd3 Bxe4 18. Qxe4 b5 19. axb5 Rxb5 20. Ka2 a4 21.
b4 e5 22. Nd5 Qe6 23. c4 Rxb4 24. d3 Rb3 25. Rb1 c6 26. Ne3 f5 27. Qg2 Rxd3 28.
Rhd1 Rxe3 29. fxe3 Qxc4+ 30. Ka1 Nc2+ 31. Kb2 a3+ {Aufgabe Weiß} 0-1

[Event "DVM U14 2017"]
[Site "Verden/Aller GER"]
[Date "2017.12.29"]
[Round "5"]
[White "Bui, Bao Anh Le"]
[Black "Geltz, Noah"]
[Result "1/2-1/2"]
[Termination "normal"]
[Board "5.2"]
[WhiteElo "1942"]
[BlackElo "1719"]
[WhiteTeam "SV Mattnetz Berlin"]
[BlackTeam "SF HN-Biberach"]
[PlyCount "77"]
[WhiteFideId "12970719"]
[BlackFideId "16224256"]
[EventCountry "GER"]
[EventRounds "7"]
[EventType "team-swiss"]
[EventDate "2017.12.26"]

1. e4 c6 2. d4 d5 3. e5 Bf5 4. h4 Bd7 5. Nc3 e6 6. Be3 Ne7 7. Qd2 Nf5 8. Bg5
Be7 9. Bxe7 Nxe7 10. Nf3 b6 11. O-O-O O-O 12. g4 c5 13. h5 cxd4 14. Nxd4 Nbc6
15. Nxc6 Nxc6 16. f4 f6 17. Bb5 a6 18. Bxc6 Bxc6 19. Rhg1 fxe5 20. fxe5 Qc7 21.
Qd4 Rac8 22. Rd2 Bb7 23. Kb1 b5 24. Nd1 Qc5 25. c3 Qxd4 26. Rxd4 Rc4 27. Kc2
Rxd4 28. cxd4 Rf4 29. Kd3 a5 30. Nc3 Ba6 31. Ke3 Rf8 32. Rc1 Rc8 33. Ne2 Rc4
34. b3 Rxc1 35. Nxc1 b4 36. g5 Kf8 37. Nd3 Bxd3 38. Kxd3 g6 39. h6 1/2-1/2

[Event "DVM U14 2017"]
[Site "Verden/Aller GER"]
[Date "2017.12.29"]
[Round "5"]
[White "Späth, René"]
[Black "Schnabel, Luise"]
[Result "1/2-1/2"]
[Termination "normal"]
[Board "5.3"]
[WhiteElo "1599"]
[BlackElo "1795"]
[WhiteTeam "SF HN-Biberach"]
[BlackTeam "SV Mattnetz Berlin"]
[PlyCount "94"]
[WhiteFideId "16224272"]
[BlackFideId "12943347"]
[EventCountry "GER"]
[EventRounds "7"]
[EventType "team-swiss"]
[EventDate "2017.12.26"]

1. e4 Nf6 2. e5 Nd5 3. d4 d6 4. Nf3 Bg4 5. Be2 e6 6. O-O Nc6 7. Re1 Be7 8. c4
Nb6 9. b3 dxe5 10. dxe5 Qxd1 11. Bxd1 Rd8 12. Nc3 Bb4 13. Bb2 Bxf3 14. Bxf3 Rd2
15. a3 Ba5 16. Bxc6+ bxc6 17. Rab1 Rxb2 18. b4 Bxb4 19. axb4 Rxb1 20. Rxb1 Nxc4
21. Ra1 Nxe5 22. Rxa7 Kd7 23. Ne4 Rb8 24. Nc5+ Kd6 25. Na6 Rb6 26. h3 Nd7 27.
Nxc7 Rxb4 28. Ne8+ Ke7 29. Nxg7 Rb5 30. Ra8 Rb8 31. Ra7 Rc8 32. Nh5 c5 33. Kf1
Kd6 34. Ng3 Kc6 35. Ke2 Rc7 36. Ra2 Nf6 37. Rc2 Nd5 38. Ne4 Kb6 39. Ng5 h6 40.
Nf3 Nf4+ 41. Kf1 Rd7 42. Nd2 Kb5 43. g3 Nd3 44. Ke2 {(=)} Nb4 45. Rc1 f5 46. h4
e5 47. Nf1 Rd4 1/2-1/2

[Event "DVM U14 2017"]
[Site "Verden/Aller GER"]
[Date "2017.12.29"]
[Round "5"]
[White "Grozea, Filip"]
[Black "Gerold, Robin"]
[Result "1-0"]
[Termination "normal"]
[Board "5.4"]
[WhiteElo "1604"]
[BlackElo "1319"]
[WhiteTeam "SV Mattnetz Berlin"]
[BlackTeam "SF HN-Biberach"]
[PlyCount "109"]
[WhiteFideId "12958450"]
[BlackFideId "16235185"]
[EventCountry "GER"]
[EventRounds "7"]
[EventType "team-swiss"]
[EventDate "2017.12.26"]

1. e4 c6 2. c4 d5 3. exd5 cxd5 4. cxd5 Qxd5 5. Nc3 Qd8 6. Bc4 Nf6 7. Nf3 Bf5 8.
Qb3 e6 9. Qxb7 Nbd7 10. O-O Be7 11. Nd4 Bg6 12. Nc6 Qc8 13. Ba6 Qxb7 14. Bxb7
Rb8 15. Nxb8 Nxb8 16. d4 O-O 17. Re1 Nbd7 18. Bf3 Rb8 19. a3 a5 20. Re2 Bd6 21.
Be3 Nb6 22. Nb5 Bxh2+ 23. Kxh2 Bd3 24. Nc3 Bxe2 25. Bxe2 Nbd5 26. Nxd5 Nxd5 27.
Rc1 Nxe3 28. fxe3 g6 29. Rc2 Kg7 30. Bf3 Kf6 31. e4 h5 32. d5 Ke5 33. Re2 Rb6
34. Rc2 Kd6 35. Rc6+ Rxc6 36. dxc6 Kxc6 37. e5+ Kc5 38. Kg3 Kc4 39. b4 axb4 40.
axb4 Kxb4 41. Bc6 g5 42. Be8 Kc4 43. Bxf7 Kd5 44. Bxh5 Kxe5 45. Bd1 Kf5 46.
Bc2+ Kf6 47. Kg4 e5 48. Be4 Ke6 49. Kxg5 Kf7 50. Kf5 Kg7 51. Kxe5 Kf7 52. Kf5
Kg7 53. Kg5 Kf7 54. Kh6 Kf6 55. g4 {Aufgabe Schwarz} 1-0

[Event "DVM U14 2017"]
[Site "Verden/Aller GER"]
[Date "2017.12.29"]
[Round "5"]
[White "Stirnberg, Noah"]
[Black "Brückner, Alexander"]
[Result "1-0"]
[Termination "normal"]
[Board "6.1"]
[WhiteElo "1836"]
[BlackElo "1874"]
[WhiteTeam "SK Blauer Springer Paderborn"]
[BlackTeam "SF Augsburg"]
[PlyCount "155"]
[WhiteFideId "16207742"]
[BlackFideId "12952613"]
[EventCountry "GER"]
[EventRounds "7"]
[EventType "team-swiss"]
[EventDate "2017.12.26"]

1. e4 c5 2. Nf3 Nc6 3. Bb5 a6 4. Bxc6 bxc6 5. O-O d5 6. d3 Qc7 7. Nc3 e6 8. Re1
Be7 9. Ne2 c4 10. Bf4 Qb6 11. dxc4 dxe4 12. Qd4 Qxd4 13. Nfxd4 c5 14. Nc6 Bb7
15. Na5 Ra7 16. Bb8 Ra8 17. Be5 f6 18. Nxb7 fxe5 19. Na5 Rd8 20. Rad1 Nf6 21.
Nc6 Rd6 22. Rxd6 Bxd6 23. Rd1 Bc7 24. c3 Rf8 25. h3 Nh5 26. b4 cxb4 27. cxb4
Nf4 28. Nc3 Nd3 29. Nxe4 Nb2 30. Rc1 Kd7 31. b5 axb5 32. cxb5 Bb6 33. Rc2 Rf4
34. Nxe5+ Ke7 35. Nc6+ Ke8 36. Nd6+ Kd7 37. Rd2 Rxf2 38. Rxf2 Kxd6 39. Kf1 Bxf2
40. Kxf2 Kc5 41. Nd8 e5 42. Nf7 Nc4 43. Ng5 Kxb5 44. Nxh7 Ka4 45. Ng5 Nd6 46.
Ne6 g6 47. Nf8 g5 48. Ne6 Nf7 49. Ke3 Ka3 50. Ke4 Kxa2 51. Kf5 Kb3 52. Kf6 Nd6
53. Kxe5 Nc4+ 54. Kf6 Ne3 55. g4 Kc4 56. Kxg5 Kd5 57. Nf4+ Kd6 58. Kf6 Nf1 59.
g5 Ng3 60. g6 Ne4+ 61. Kf7 Ke5 62. g7 Ng5+ 63. Ke7 Kxf4 64. g8=Q Nxh3 65. Qc4+
Kg3 66. Kf6 Ng1 67. Kf5 Kf2 68. Qc2+ Kf3 69. Qh2 Ne2 70. Qh3+ Kf2 71. Kg4 Ke1
72. Qe3 Kf1 73. Kf3 Ng1+ 74. Kg3 Ne2+ 75. Kh2 Ke1 76. Kg2 Kd1 77. Kf1 Nc1 78.
Qc3 {Aufgabe Schwarz} 1-0

[Event "DVM U14 2017"]
[Site "Verden/Aller GER"]
[Date "2017.12.29"]
[Round "5"]
[White "Gubariev, Jakob"]
[Black "Brockhoff, Moritz"]
[Result "1/2-1/2"]
[Termination "normal"]
[Board "6.2"]
[WhiteElo "1782"]
[BlackElo "1765"]
[WhiteTeam "SF Augsburg"]
[BlackTeam "SK Blauer Springer Paderborn"]
[PlyCount "77"]
[WhiteFideId "16216938"]
[BlackFideId "16214927"]
[EventCountry "GER"]
[EventRounds "7"]
[EventType "team-swiss"]
[EventDate "2017.12.26"]

1. e4 e6 2. d4 d5 3. exd5 exd5 4. Bd3 c5 5. dxc5 Bxc5 6. Nf3 Nc6 7. c3 Bg4 8.
h3 Qe7+ 9. Qe2 Bxf3 10. gxf3 O-O-O 11. Qxe7 Ngxe7 12. b4 Nxb4 13. cxb4 Bd4 14.
Be3 Bxa1 15. O-O Be5 16. Bxa7 Kd7 17. Rd1 Ra8 18. Bb5+ Ke6 19. Bc5 Rxa2 20. f4
Bxf4 21. Re1+ Be5 22. f4 Ng6 23. fxe5 Nxe5 24. Be2 h5 25. Nc3 Raa8 26. Nb5 Kd7
27. Rd1 Rad8 28. Bb6 Rc8 29. Rxd5+ Ke6 30. Rd6+ Kf5 31. Rd1 Ke6 32. Rf1 g6 33.
Nd4+ Kd7 34. Bb5+ Kd6 35. Bc5+ Rxc5 36. bxc5+ Kxc5 37. Rd1 Ra8 38. Be2 Ra3 39.
Kg2 1/2-1/2

[Event "DVM U14 2017"]
[Site "Verden/Aller GER"]
[Date "2017.12.29"]
[Round "5"]
[White "Janke, Julian"]
[Black "Vuckovic, Katarina"]
[Result "1-0"]
[Termination "normal"]
[Board "6.3"]
[WhiteElo "1587"]
[BlackElo "1288"]
[WhiteTeam "SK Blauer Springer Paderborn"]
[BlackTeam "SF Augsburg"]
[PlyCount "89"]
[WhiteFideId "16229185"]
[BlackFideId "16232615"]
[EventCountry "GER"]
[EventRounds "7"]
[EventType "team-swiss"]
[EventDate "2017.12.26"]

1. d4 Nf6 2. Bf4 e6 3. e3 b6 4. Nf3 Bb7 5. Bd3 Be7 6. O-O c5 7. c3 O-O 8. Nbd2
Nc6 9. h3 Re8 10. e4 cxd4 11. cxd4 Rc8 12. a3 d6 13. b4 Bf8 14. Be3 e5 15. d5
Ne7 16. Bb5 Nd7 17. Qa4 Rc7 18. Rfc1 Bc8 19. Nf1 Nf6 20. Bxe8 Nxe8 21. Rxc7
Nxc7 22. Qxa7 Nb5 23. Qxb6 Qxb6 24. Bxb6 Bd7 25. N3d2 Nc3 26. f3 Nc8 27. Nc4
Bb5 28. Nfd2 Be7 29. Kf2 Bg5 30. Be3 Bxe3+ 31. Kxe3 Kf8 32. Rc1 Na4 33. Nxe5
dxe5 34. Rxc8+ Ke7 35. Rc7+ Ke8 36. Rb7 Bd7 37. Nc4 f6 38. Nb6 Nxb6 39. Rxb6
Kd8 40. d6 Kc8 41. b5 Be6 42. a4 Kd8 43. a5 f5 44. a6 f4+ 45. Kd3 {Aufgabe
Schwarz} 1-0

[Event "DVM U14 2017"]
[Site "Verden/Aller GER"]
[Date "2017.12.29"]
[Round "5"]
[White "Hamkar, Behzad"]
[Black "Matthiessen, Linus"]
[Result "1-0"]
[Termination "normal"]
[Board "6.4"]
[WhiteElo "1145"]
[BlackElo "1293"]
[WhiteTeam "SF Augsburg"]
[BlackTeam "SK Blauer Springer Paderborn"]
[PlyCount "123"]
[WhiteFideId "16255631"]
[BlackFideId "16222555"]
[EventCountry "GER"]
[EventRounds "7"]
[EventType "team-swiss"]
[EventDate "2017.12.26"]

1. e4 e6 2. d4 d5 3. exd5 exd5 4. Bd3 Bd6 5. Qf3 Nc6 6. c3 Nf6 7. h3 Qe7+ 8.
Ne2 Bd7 9. Bg5 O-O-O 10. Bxf6 Qxf6 11. Qxd5 Be6 12. Qe4 Rde8 13. d5 Bd7 14. Qa4
Qg5 15. dxc6 Bxc6 16. Qc2 Qxg2 17. Rf1 Qxh3 18. Bf5+ Qxf5 19. Qxf5+ Bd7 20. Qc2
Re5 21. f3 Bf5 22. Qd2 Rhe8 23. Rf2 R5e6 24. Kd1 Bc5 25. Nd4 Bxd4 26. cxd4 Rg8
27. Re2 Rd8 28. Nc3 h5 29. Nb5 a6 30. Qf4 axb5 31. Qxf5 Kb8 32. Kc2 Rc6+ 33.
Kb3 Rxd4 34. Rc2 Rf6 35. Qc5 Rd7 36. Re2 Rxf3+ 37. Re3 Rxe3+ 38. Qxe3 Rd8 39.
Qe7 Rc8 40. Qxf7 h4 41. Qxg7 Re8 42. Qxc7+ Ka8 43. Rc1 h3 44. Qc8+ Rxc8 45.
Rxc8+ Ka7 46. Rh8 Ka6 47. Rxh3 Ka5 48. Rh7 Kb6 49. Kb4 Ka6 50. Rh6+ b6 51. a3
Kb7 52. Kxb5 Kc7 53. Rxb6 Kd7 54. a4 Ke7 55. a5 Kd7 56. Rc6 Kd8 57. a6 Kd7 58.
a7 Kd8 59. a8=Q+ Kd7 60. Rh6 Kc7 61. Qa7+ Kd8 62. Rh8# 1-0

[Event "DVM U14 2017"]
[Site "Verden/Aller GER"]
[Date "2017.12.29"]
[Round "5"]
[White "Kostanyan, Hakob"]
[Black "Sehmsdorf, Johann"]
[Result "1-0"]
[Termination "normal"]
[Board "7.1"]
[WhiteElo "1877"]
[BlackElo "1610"]
[WhiteTeam "SC Weisse Dame"]
[BlackTeam "SV Dresden-Striesen"]
[PlyCount "107"]
[WhiteFideId "12977683"]
[BlackFideId "12985139"]
[EventCountry "GER"]
[EventRounds "7"]
[EventType "team-swiss"]
[EventDate "2017.12.26"]

1. e4 e6 2. d4 d5 3. Nd2 Nf6 4. e5 Nfd7 5. Bd3 c5 6. c3 Nc6 7. Ne2 a6 8. f4 b5
9. O-O Qb6 10. Nf3 Bb7 11. Be3 Be7 12. a3 a5 13. Qe1 O-O-O 14. f5 cxd4 15. cxd4
Ndxe5 16. Nxe5 Nxe5 17. Bxb5 Qxb5 18. dxe5 Rhf8 19. Nd4 Qa6 20. b4 Rd7 21. b5
Qa8 22. Rc1+ Kb8 23. fxe6 fxe6 24. Nc6+ Bxc6 25. bxc6 Rc7 26. Rxf8+ Bxf8 27.
Qf1 Bxa3 28. Rb1+ Kc8 29. Rb3 Be7 30. Qf7 Qxc6 31. Rb6 Qd7 32. Qg8+ Bd8 33. Rd6
Qe7 34. h3 Rd7 35. Rxe6 Qf7 36. Qxf7 Rxf7 37. Ra6 Re7 38. e6 Bc7 39. Bg5 Re8
40. Ra8+ Bb8 41. Bf4 Rxe6 42. Rxb8+ Kd7 43. Rb7+ Kc6 44. Rxg7 a4 45. Rxh7 Kb5
46. Rb7+ Kc4 47. Ra7 Kb3 48. h4 a3 49. h5 a2 50. h6 Re1+ 51. Kh2 a1=Q 52. Rxa1
Rxa1 53. h7 Ra8 54. Be5 {Aufgabe Schwarz} 1-0

[Event "DVM U14 2017"]
[Site "Verden/Aller GER"]
[Date "2017.12.29"]
[Round "5"]
[White "Schade, Johannes"]
[Black "Tham, Minh"]
[Result "0-1"]
[Termination "normal"]
[Board "7.2"]
[WhiteElo "1379"]
[BlackElo "1837"]
[WhiteTeam "SV Dresden-Striesen"]
[BlackTeam "SC Weisse Dame"]
[PlyCount "102"]
[WhiteFideId "12958581"]
[BlackFideId "12997323"]
[EventCountry "GER"]
[EventRounds "7"]
[EventType "team-swiss"]
[EventDate "2017.12.26"]

1. d4 d5 2. c4 e6 3. Nc3 c6 4. Nf3 dxc4 5. Bf4 Nf6 6. e3 b5 7. a3 Nd5 8. Bg3
Nd7 9. e4 Nxc3 10. bxc3 Nf6 11. Qc2 Be7 12. Ne5 Bb7 13. f3 O-O 14. a4 a6 15.
Rb1 Qc8 16. Qb2 Ra7 17. Qa2 Qa8 18. Bf2 Bd6 19. Be2 Qb8 20. O-O Ra8 21. Bg3 Qc7
22. h3 Nh5 23. Bh2 Nf6 24. Bg3 Rfd8 25. Rfd1 Nh5 26. Bh2 f6 27. Ng4 Nf4 28. Bf1
h5 29. Bxf4 Bxf4 30. Nf2 Bh2+ 31. Kh1 Rab8 32. Rd2 Bf4 33. Rdb2 Kh8 34. Qa3 Bd6
35. Qa1 Qe7 36. Ra2 Bc7 37. Qb2 Qd6 38. e5 fxe5 39. Ne4 Qf8 40. Ng5 exd4 41.
Nxe6 Qd6 42. Nxc7 Qxc7 43. cxd4 Qf4 44. Rd1 c5 45. axb5 axb5 46. Qxb5 Bxf3 47.
Qxb8 Rxb8 48. Rf2 Bxg2+ 49. Rxg2 cxd4 50. Bxc4 Qf3 51. Rxd4 Qxh3+ {Aufgabe Weiß
} 0-1

[Event "DVM U14 2017"]
[Site "Verden/Aller GER"]
[Date "2017.12.29"]
[Round "5"]
[White "Tham, Nam"]
[Black "Richter, Kevin"]
[Result "1-0"]
[Termination "normal"]
[Board "7.3"]
[WhiteElo "1796"]
[BlackElo "1352"]
[WhiteTeam "SC Weisse Dame"]
[BlackTeam "SV Dresden-Striesen"]
[PlyCount "127"]
[WhiteFideId "12997331"]
[BlackFideId "16255720"]
[EventCountry "GER"]
[EventRounds "7"]
[EventType "team-swiss"]
[EventDate "2017.12.26"]

1. e4 e6 2. d4 d5 3. Nc3 Bb4 4. e5 c5 5. a3 cxd4 6. Qxd4 Nc6 7. Bb5 Bxc3+ 8.
Qxc3 Bd7 9. Bxc6 Bxc6 10. Nf3 Ne7 11. O-O h6 12. Nd4 O-O 13. f4 Rc8 14. Qd3 Re8
15. Be3 a6 16. Rae1 Qd7 17. Rf3 Ng6 18. Rg3 Nh4 19. f5 Bb5 20. Nxb5 Nxf5 21.
Nd6 Nxe3 22. Qxe3 Rxc2 23. Nxe8 Qxe8 24. Qxh6 Qf8 25. Qf6 Kh8 26. Rh3+ Kg8 27.
Qh4 Qc5+ 28. Kh1 f6 29. Qh7+ Kf7 30. exf6 Kxf6 31. Rf3+ Ke7 32. Qxg7+ Kd6 33.
Qe5+ Kc6 34. Qxe6+ Kb5 35. Qd7+ Kb6 36. Rb3+ Ka5 37. Rxb7 Qc6 38. Qxc6 Rxc6 39.
Rd1 d4 40. h3 Rd6 41. Rb4 d3 42. Rd2 Re6 43. Rxd3 Re1+ 44. Kh2 Rh1+ 45. Kg3
Rxh3+ 46. Kf4 Rf3+ 47. Ke5 Re3+ 48. Re4 Rxd3 49. Re2 Ka4 50. g4 Rg3 51. Kf5
Rf3+ 52. Kg6 a5 53. g5 Rb3 54. Kh6 Rb6+ 55. g6 Kb3 56. Kh7 Kc4 57. g7 Rb7 58.
Kh8 Rxb2 59. g8=Q+ Kc3 60. Qg7+ Kc4 61. Qxb2 a4 62. Rd2 Kc5 63. Qb4+ Kc6 64.
Rd6+ {Aufgabe Schwarz} 1-0

[Event "DVM U14 2017"]
[Site "Verden/Aller GER"]
[Date "2017.12.29"]
[Round "5"]
[White "Olligs, Antonius"]
[Black "Movsisyan, Andranik"]
[Result "0-1"]
[Termination "normal"]
[Board "7.4"]
[WhiteElo "1556"]
[BlackElo "1700"]
[WhiteTeam "SV Dresden-Striesen"]
[BlackTeam "SC Weisse Dame"]
[PlyCount "102"]
[WhiteFideId "16236955"]
[BlackFideId "16240391"]
[EventCountry "GER"]
[EventRounds "7"]
[EventType "team-swiss"]
[EventDate "2017.12.26"]

1. e4 d5 2. exd5 Qxd5 3. Nc3 Qa5 4. Nf3 Nf6 5. d4 c6 6. Bd3 Bg4 7. Be4 Nxe4 8.
Bd2 Nxd2 9. Qxd2 Qc7 10. Ne5 Bf5 11. O-O Nd7 12. Rfe1 Nxe5 13. dxe5 e6 14. Rac1
Be7 15. Qe3 O-O 16. Red1 Rfd8 17. Qe2 Rxd1+ 18. Rxd1 Rd8 19. Rxd8+ Qxd8 20. g3
Bg5 21. b3 Qd2 22. f4 Qxe2 23. Nxe2 Be7 24. Nd4 Bc5 25. c3 Bb1 26. b4 Bxd4+ 27.
cxd4 Bxa2 28. Kf2 b6 29. Ke3 h6 30. h4 Kh7 31. h5 Bb3 32. g4 Bd1 33. g5 Bxh5
34. Ke4 hxg5 35. fxg5 Kg6 36. Kf4 a5 37. bxa5 bxa5 38. Ke3 Kxg5 39. Kd3 Kf4 40.
Kc3 g5 41. Kb3 g4 42. Ka4 g3 43. Kxa5 g2 44. Kb6 g1=Q 45. Kxc6 Qxd4 46. Kc7
Kxe5 47. Kc6 Bf3+ 48. Kc7 Qd5 49. Kb6 Kd6 50. Ka6 Kc7 51. Ka7 Qb7# 0-1

[Event "DVM U14 2017"]
[Site "Verden/Aller GER"]
[Date "2017.12.29"]
[Round "5"]
[White "Kracht, Raphael"]
[Black "Haller, Luis"]
[Result "1-0"]
[Termination "normal"]
[Board "8.1"]
[WhiteElo "1846"]
[BlackElo "1711"]
[WhiteTeam "SF Brackel"]
[BlackTeam "SF Konz-Karthaus"]
[PlyCount "87"]
[WhiteFideId "16214382"]
[BlackFideId "16209826"]
[EventCountry "GER"]
[EventRounds "7"]
[EventType "team-swiss"]
[EventDate "2017.12.26"]

1. e4 e6 2. d4 d5 3. Nd2 Nf6 4. e5 Nfd7 5. f4 c5 6. c3 Nc6 7. Ndf3 Qb6 8. g3
cxd4 9. cxd4 Bb4+ 10. Kf2 O-O 11. Kg2 f6 12. Bd3 Be7 13. h4 f5 14. Ne2 Nb4 15.
Bb1 Qc7 16. a3 Nc6 17. g4 fxg4 18. Ng5 Bxg5 19. hxg5 g6 20. Rh6 Rf7 21. f5 gxf5
22. g6 Rg7 23. gxh7+ Kh8 24. Rxe6 Nf8 25. Re8 Qf7 26. Rxf8+ Qxf8 27. Bh6 Qf7
28. Bxg7+ Qxg7 29. Nf4 Ne7 30. Qa4 Qf7 31. Bd3 Be6 32. Qb4 Nc6 33. Qd6 Nxd4 34.
Rc1 Bd7 35. Ng6+ Kxh7 36. Rh1+ Kg7 37. Nf8 Qxf8 38. Qh6+ Kf7 39. Qf6+ Ke8 40.
Rh8 Ne6 41. Bb5 Nf4+ 42. Kh2 Qxh8+ 43. Qxh8+ Kf7 44. Qxa8 {Aufgabe Schwarz} 1-0